| 000 | 01649nam a22003255i 4500 | ||
|---|---|---|---|
| 001 | 165843 | ||
| 003 | ES-MaACL | ||
| 005 | 20251012201854.0 | ||
| 008 | 981127s1889 sp |||| | spa d | ||
| 100 | 1 |
_aSuárez, Diego, _d1552-ca. 1617 _9132976 |
|
| 245 | 1 | 0 |
_aHistoria del maestre último que fue de Montesa y de su hermano Don Felipe de Borja _b: la manera como gobernaron las memorables plazas de Orán y Marzaelquivir, reinos de Tremecén y Ténez en África, siendo allí capitanes generales, uno en pos del otro, como aquí se narra. _nI / _ccompuesta por Diego Suárez ; [prólogo de F. Guillén Robles]. |
| 260 |
_aMadrid : _bSociedad de Bibliófilos Españoles, _c1889 ( _fImp. y Fundición de M. Tello) |
||
| 300 |
_aLII, 364 p. ; _c24 cm. |
||
| 490 | 1 |
_aSociedad de Bibliófilos Españoles ; _v27 |
|
| 500 | _aNo se publicó más. | ||
| 510 | 4 |
_aPalau, _c323359 |
|
| 530 | _aDisponible en formato digital. | ||
| 597 | _aAntep. | ||
| 597 | _aPort a dos tintas con esc. | ||
| 600 | 1 | 7 |
_aGalcerán de Borja, Pedro Luis, _d1528-1592 _2 _9152335 |
| 600 | 1 | 7 |
_aGalcerán de Borja, Felipe Manuel, _ds. XVI _2 _9152336 |
| 651 | 4 |
_aMers el-Kebir- _xHistoria. _9152337 |
|
| 651 | 4 |
_aOrán- _xHistoria- _y1509-1708, Dominación española. _9171481 |
|
| 700 | 1 |
_aGuillén Robles, F. _9127626 |
|
| 710 | 2 |
_aSociedad de Bibliófilos Españoles. _96661 |
|
| 830 | 1 | 0 |
_aSociedad de Bibliófilos Españoles _v27 _9187662 |
| 852 | 4 |
_aES-MaACL _jJ-7(26) _z- Enc. hol. |
|
| 856 | 4 |
_uhttp://bibliotecavirtual.asturias.es/i18n/consulta/registro.cmd?id=3257 _zBiblioteca Virtual del Principado de Asturias |
|
| 999 |
_c165843 _d165843 |
||